Vista normal Vista MARC

Entrada Personal Name

Número de registros utilizados en: 1

001 - CONTROL NUMBER

  • control field: 65217

003 - CONTROL NUMBER IDENTIFIER

  • control field: OSt

005 - DATE AND TIME OF LATEST TRANSACTION

  • control field: 20251001214041.0

008 - FIXED-LENGTH DATA ELEMENTS

  • fixed length control field: 251001|| aca||aabn | a|a d

040 ## - CATALOGING SOURCE

  • Original cataloging agency: OSt
  • Transcribing agency: OSt

100 ## - HEADING--PERSONAL NAME

  • Personal name: Igneo

670 ## - SOURCE DATA FOUND

  • Source citation: Work cat.: (OSt)59310: Santiago en 100 Palabras : Concurso ( 2018 : Santiago de Chile, Chile) 65213, Los mejores 100 cuentos de la XVI versión del concurso Santiago en 100 palabras /









Instituto Departamental de Cultura del Meta - Red Departamental de Bibliotecas Públicas del Meta.